<?xml version="1.0" encoding="UTF-8"?>
<record
    xmlns:xsi="http://www.w3.org/2001/XMLSchema-instance"
    xsi:schemaLocation="http://www.loc.gov/MARC21/slim http://www.loc.gov/standards/marcxml/schema/MARC21slim.xsd"
    xmlns="http://www.loc.gov/MARC21/slim">

  <leader>01354nam a22001937a 4500</leader>
  <datafield tag="999" ind1=" " ind2=" ">
    <subfield code="c">34562</subfield>
    <subfield code="d">34562</subfield>
  </datafield>
  <controlfield tag="003">CUTN</controlfield>
  <controlfield tag="005">20210222151727.0</controlfield>
  <controlfield tag="008">210222b           ||||| |||| 00| 0 eng d</controlfield>
  <datafield tag="020" ind1=" " ind2=" ">
    <subfield code="a">9781935212119</subfield>
  </datafield>
  <datafield tag="041" ind1=" " ind2=" ">
    <subfield code="a">English</subfield>
  </datafield>
  <datafield tag="082" ind1=" " ind2=" ">
    <subfield code="a">172.42</subfield>
    <subfield code="b">CHA</subfield>
  </datafield>
  <datafield tag="100" ind1=" " ind2=" ">
    <subfield code="a">Chappell, Paul K.</subfield>
  </datafield>
  <datafield tag="245" ind1=" " ind2=" ">
    <subfield code="a">The End of War</subfield>
    <subfield code="b">How Waging Peace Can Save Humanity, Our Planet and Our Future</subfield>
  </datafield>
  <datafield tag="260" ind1=" " ind2=" ">
    <subfield code="a">Canada</subfield>
    <subfield code="b">Easton Studio Press</subfield>
    <subfield code="c">May 18, 2010</subfield>
  </datafield>
  <datafield tag="300" ind1=" " ind2=" ">
    <subfield code="a">176p.</subfield>
    <subfield code="c">4.7 x 0.5 x 7.4 inches</subfield>
  </datafield>
  <datafield tag="505" ind1=" " ind2=" ">
    <subfield code="t">Foreword by Gavin de Becker
</subfield>
    <subfield code="t">Introduction
</subfield>
    <subfield code="t">PART ONE: UNTANGLING THE RIDDLE OF WAR
</subfield>
    <subfield code="t">Chapter One: The Path to Light
</subfield>
    <subfield code="t">Chapter Two: The Nature of Human Aggression
</subfield>
    <subfield code="t">Chapter Three: The Cure for Greed
</subfield>
    <subfield code="t">Chapter Four: The Laws of Conflict
</subfield>
    <subfield code="t">Chapter Five: Moral Fury
</subfield>
    <subfield code="t">PART TWO: TACTICS AND STRATEGIES FOR WAGING PEACE
eas</subfield>
    <subfield code="t">Chapter Six: Glorify Peace, Not War
</subfield>
    <subfield code="t">Chapter Seven: Waging Peace in the Age of Media War
</subfield>
    <subfield code="t">Chapter Eight: The Road to Cooperation
</subfield>
    <subfield code="t">Chapter Nine: War as Russian Roulette
</subfield>
    <subfield code="t">Chapter Ten: The Future of the Military
</subfield>
    <subfield code="t">Epilogue: Growing the Vine of Id</subfield>
  </datafield>
  <datafield tag="520" ind1=" " ind2=" ">
    <subfield code="a">Building on the powerful argument for peace laid out in his first book, Will War Ever End, Paul K. Chappell now explains in detail how together we can end the wars between countries, our ongoing war with nature, and the suffering in our hearts.</subfield>
  </datafield>
  <datafield tag="942" ind1=" " ind2=" ">
    <subfield code="2">ddc</subfield>
    <subfield code="c">BOOKS</subfield>
  </datafield>
  <datafield tag="952" ind1=" " ind2=" ">
    <subfield code="0">0</subfield>
    <subfield code="1">0</subfield>
    <subfield code="2">ddc</subfield>
    <subfield code="4">0</subfield>
    <subfield code="7">0</subfield>
    <subfield code="8">NFIC</subfield>
    <subfield code="a">CUTN</subfield>
    <subfield code="b">CUTN</subfield>
    <subfield code="c">100</subfield>
    <subfield code="d">2021-02-22</subfield>
    <subfield code="l">1</subfield>
    <subfield code="o">172.42 CHA</subfield>
    <subfield code="p">29327</subfield>
    <subfield code="r">2025-03-28 15:36:48</subfield>
    <subfield code="s">2025-03-12</subfield>
    <subfield code="w">2021-02-22</subfield>
    <subfield code="y">BOOKS</subfield>
  </datafield>
</record>
